000 01348nam a2200289 a 4500
001 BRCA_4981
005 20190320204903.0
008 271010s1786----sp-######v---#000-0#spa-#
041 _aspa
044 _asp
084 _aDOC58
_b.D63
_c1786
245 1 0 _aDocumento firmado por el [Rey Carlos III]
_cCarlos III.
260 _aSan Lorenzo, Madrid
_c1786
300 _a[3] fojas
_c30 x 21 cm
500 _aDocumento firmado el 27 de noviembre de 1786
500 _aCédula que remite a todas las autoridades de sus dominios para que observe en las indias lo últimamente resuelto sobre el modo y tratamiento con que debe escribirse la correspondencia de oficio (se suprime al Señor Muy Señor Mio y el B. M. en la antefirma sustituyendolo por Excelentísimo)
500 _a[Real cédula] firmada como ´Yo el Rey´
500 _aEl documento contiene la leyenda DOC. #68
500 _aPapel con marca de agua
506 0 _aFondo reservado: para su consulta es necesario credencial de usuario y carta de motivos
546 _aTexto en: español de finales del siglo XVIII
600 1 4 _aCarlos
_bIII
_cRey de España
_d1716-1788
_94628
651 4 _aEspaña
_vImpreso con rúbrica
_xHistoria
_yCasa de Borbón, 1700
_912683
651 4 _aMéxico
_vImpreso con rúbrica
_xHistoria
_yColonia, 1521-1821
_912684
902 _aFDH
942 _2lcc
_cD
999 _c4675
_d4675